Concelhos da Região Autónoma da Madeira no mapa - Statistics

Estatísticas Gerais
  • Esse quiz foi jogado 48 vezes
  • A pontuação média é 7 de 11
Respostas no mapa
Respostas codificadas por cores de uma escala verde-vermelha no mapa do quiz de acordo com a % correta abaixo.
 
Estatísticas das Respostas
Resposta % Correto
Santana
86%
Porto Santo
81%
Funchal
76%
Calheta
67%
Machico
67%
Porto Moniz
67%
São Vicente
67%
Ponta do Sol
62%
Ribeira Brava
62%
Santa Cruz
62%
Câmara de Lobos
52%
Nenhum quiz correspondente encontrado
Distribuição das Pontuações
Porcentagem de Pessoas com Cada Pontuação
Percentil de Números Respondidos
Sua Pontuação Histórica
Você não jogou esse quiz